Statystyki dla Oficjalne i regionalne języki Azji

Kliknij tutaj aby rozwiązać quiz!

Ogólne statystyki

  • Ten quiz został rozwiązany 1 690 razy
  • Średni wynik to 29 z 149

Odpowiedzi na mapie

Odpowiedzi skodowane kolorowo w zielono-czerwonej skali na mapie do tego quizu, zgodnie z poniższymi procentami.
 

Statystyki odpowiedzi

RodzinaScriptL1L2Język% Poprawnych
Japonic日本語128 miljapoński
96%
Slavic †русский44 mil*56 milrosyjski
96%
(Afro-Asiatic) Semiticاَلْعَرَبِيَّةُ105 mil*?arabski
94%
Koreanic한국어77 milkoreański
93%
Turkic (Oghuz)Türkçe75 milturecki
92%
Austroasiatic (Monic)ဘာသာ မန်800 kmon
87%
Sino-Tibetan (Sinitic)官话920 milmandaryński
85%
Mongolicᠮᠣᠩᠭᠣᠯ5.2 milmongolski
84%
Turkic (Kipchak)қазақша13 milKazachski
76%
Austroasiatic (Vietic)Tiếng Việt76 milwietnamski
76%
Indo-European isolate†հայերեն6.7 milarmeński
75%
Indo-Aryan (Central) †हिन्दी / اردو250 mil250 milHindi / Urdu
75%
Kartvelianქართული3.7 milgruziński
74%
Kra-Dai (Tai)ภาษาไทย20 mil44 milTajski
72%
Iranian †فارسی70 mil50 milperski
68%
(Afro-Asiatic) Semiticעִבְרִית5.0 mil4.0 milhebrajski
66%
Turkic (Karluk)Oʻzbekcha34 miluzbecki
65%
Turkic (Oghuz)Azərbaycan
dili
23 milazerski
61%
Indo-Aryan (Northern) †नेपाली16 mil6.0 milnepalski
61%
Hellenic †Ελληνικά700 k*grecki
60%
Sino-Tibetan (Tibetic)དབུས་སྐད་1.2 milstandardowy tybetański
60%
Indo Aryan
(Eastern) †
বাংলা230 milbengalski
50%
Turkic (Oghuz)türkmençe6.7 milturkmeński
50%
Turkic (Kipchak)Кыргызча4.3 milkirgiski
49%
Austronesian
(Malayo-Polynesian)
Bahasa
Melayu
77 mil133 milmalajski
49%
Iranian †Zimanê kurdî20 milkurdyjski
44%
Sino-Tibetan
(Lolo-Burmese)
မြန်မာဘာသာ33 milbirmański
43%
Sino-Tibetan (Sinitic)廣東話73 milkantoński
42%
Austroasiatic (Khmeric)ភាសាខ្មែរ16 milkhmerski
36%
Iranian †پښتو40 milpaszto
30%
Kra-Dai (Tai)ພາສາລາວ30 millaotański
29%
Sino-Tibetan (Sinitic)吳語80 milwu
29%
Austroasiatic (Munda)𑢹𑣉𑣉 𑣎𑣋𑣜1.4 milHo
27%
Dravidianதமிழ்75 miltamilski
27%
Austronesian
(Malayo-Polynesian)
ꦧꦱꦗꦮ82 miljawajski
25%
Turkic (Karluk)ئۇيغۇر تىلى10 milujgurski
23%
Turkic (Siberian)саха тыла480 kjakucki
20%
Indo-Aryan
(Northwestern) †
ਪੰਜਾਬੀ / پن٘جابی125 milpendżabski
19%
Sino-Tibetan (Sinitic)福建話13 milHokkien
16%
Indo-Aryan (Dardic) †كٲشُر7.0 milkaszmirski
15%
Indo-Aryan (Western) †ગુજરાતી56 milgudźarati
14%
Indo-Aryan
(Southern) †
සිංහල17 mil3.0 milsyngaleski
14%
Kra-Dai (Tai)တႆး3.3 milszan
14%
Dravidianతెలుగు82 miltelugu
14%
Dravidianಕನ್ನಡ43 milkannada
13%
Austronesian
(Malayo-Polynesian)
ᬩᬲᬩᬮᬶ3.3 milbalijski
12%
Sino-Tibetan (Tibetic)རྫོང་ཁ་171 kDzongkha
12%
Northwest CaucasianАԥсуа бызшәа190 kAbkhaz
11%
Turkic (Siberian)алтай тил55 kaltajski
11%
Austronesian
(Malayo-Polynesian)
Bisaya19 milcebuański
11%
Indo-Aryan
(Southern) †
मराठी83 mil12 milmarathi
11%
Iranian †ирон ӕвзаг597 kosetiański
11%
Sino-Tibetan (Sinitic)湘語38 milxiang
11%
Sino-Tibetan (Sinitic)贛語22 milgan
10%
Sino-Tibetan (Sinitic)客家話47 milhakka
10%
Dravidianമലയാളം45 milmalajalam
10%
Austronesian
(Malayo-Polynesian)
Tagalog22 mil45 miltagalski
10%
Turkic (Siberian)тыва дыл280 kTuvan
10%
Turkic (Kipchak)Qaraqalpaq tili583 kKarakalpak
9%
Indo-Aryan
(Northwestern) †
سنڌي‎25 milsindhi
9%
Language isolateアイヌ・イタㇰ10290ajnuski
8%
Indo Aryan
(Bengali-Assamese) †
অসমীয়া14 milasamski
8%
Indo-Aryan (Eastern) †ଓଡ଼ିଆ35 milorija
8%
Austronesian
(Malayo-Polynesian)
ᮘᮞ ᮞᮥᮔ᮪ᮓ40 milsundajski
8%
Sino-Tibetan (Kiranti)सुनुवार38 kSunwar
8%
Austronesian
(Malayo-Polynesian)
Tetun Prasa390 k180 kTetum
8%
Austronesian
(Malayo-Polynesian)
Basa Acèh3.5 milaceh
7%
(Afro-Asiatic) Semiticܣܘܪܝܬ587 kAssyrian Neo-Aramaic
7%
Iranian †بلۏچی3.0 milbalochi
7%
Sino-Tibetan (Sal)बर' / बड़1.4 milbodo
7%
Mongolicбуряад хэлэн330 kBuryat
7%
Indo-Aryan (Dardic) †डोगरी1.6 mildogri
7%
Indo-Aryan
(Marathi-Konkani) †
कोंकणी2.3 milkonkani
7%
Austronesian
(Formosan)
Formosan50 ktajwańskie
7%
Sino-Tibetan
(Lolo-Burmese)
ꆈꌠꉙ2.0 milYi (Nuosu)
7%
Indo-Aryan
(Southern) †
ދިވެހި,340 kDhivehi
6%
Dravidianగోండీ2.9 milgondi
6%
Sino-Tibetan (Karenic)ကညီကျိ1.5 milKaren
6%
Indo-Aryan (Bihari) †मैथिली33 milmaithili
6%
Sino-Tibetan
(Kuki-Chin-Naga)
ꯃꯤꯇꯩꯂꯣꯟ1.7 milmeitei
6%
Sino-Tibetan
(Kuki-Chin-Mizo)
Mizo ṭawng830 kmizo
6%
Austronesian
(Malayo-Polynesian)
Mëranaw780 kmranao
6%
Japonic琉球語派?riukiuańskie
6%
Sino-Tibetan (Tibetic)ཤར་པའི་སྐད་ཡིག170 kSherpa
6%
Dravidianತುಳು1.8 miltulu
6%
Kra-Dai (Tai)Vaƅcueŋƅ16 milzhuang
6%
Austronesian
(Malayo-Polynesian)
Akeanon460 kAklanon
5%
Sino-Tibetan
(Angami–Pochuri)
Angami152 kAngami
5%
Austronesian
(Malayo-Polynesian)
Bahasa Banjar3.5 milbanjarese
5%
Austronesian
(Malayo-Polynesian)
Angkola750 kbatak angkola
5%
Austronesian
(Malayo-Polynesian)
Pakpak1.2 milbatak dairi
5%
Austronesian
(Malayo-Polynesian)
Cakap Karo600 kBatak Karo
5%
Austronesian
(Malayo-Polynesian)
Mandailing1.1 milbatak mandailing
5%
Austronesian
(Malayo-Polynesian)
Sahap
Simalungun
1.2 milbatak simalungun
5%
Austronesian
(Malayo-Polynesian)
Hata Batak
Toba
2.0 milbatak toba
5%
Austronesian
(Malayo-Polynesian)
Nggahi Mbojo500 kBima
5%
Austronesian
(Malayo-Polynesian)
Basa Ugi3.5 mil500 kbugijski
5%
Austronesian
(Malayo-Polynesian)
Bikol Naga2.5 milcentral bikol
5%
Turkic (Siberian)Хакас тілі43 kchakaski
5%
Spanish-based creoleChabacano700 kchavacano
5%
Sino-Tibetan (Tibetic)འབྲས་ལྗོངས་སྐད་70 kdandzongka
5%
Austronesian
(Malayo-Polynesian)
Basa Gayo100 kGayo
5%
Austronesian
(Malayo-Polynesian)
Bahasa
Hulontalo
1.0 milgorontalo
5%
Sino-Tibetan
(Tamangic)
गुरुंग325 kGurung
5%
Austronesian
(Malayo-Polynesian)
Ilonggo9.3 milhiligaynon
5%
Austronesian
(Malayo-Polynesian)
Ybanag500 kibanag
5%
Austronesian
(Malayo-Polynesian)
Ilocano9.1 mil2.0 mililoko
5%
Austronesian
(Malayo-Polynesian)
Ibatan33 kIvatan
5%
Austronesian
(Malayo-Polynesian)
Uab Metô800 kJęzyk uab meto
5%
Sino-Tibetan (Sal)Jinghpaw940 kjingpo
5%
Austronesian
(Malayo-Polynesian)
Kapampangan2.0 milkapampangan
5%
Austronesian
(Malayo-Polynesian)
Kinaray-a433 kKaray-a
5%
Sino-Tibetan
(Kuki-Chin-Naga)
Karbi528 kKarbi
5%
Austroasiatic (Khasic)Ka Ktien Khasi1.0 milkhasi
5%
Dravidianಕೊಡವ113 kKodava
5%
Sino-Tibetan (Sal)Kókborok1.0 milkokborok
5%
Austronesian
(Malayo-Polynesian)
Cawa Komering470 kKomering
5%
Dravidianकुड़ुख़2.2 milkurukh
5%
Sino-Tibetan (Tibetic)ལ་དྭགས་སྐད་110 kLadakhi
5%
Sino-Tibetan
(Himalayish)
ᰛᰩᰵᰛᰧᰵᰶ66 kLepcha
5%
Sino-Tibetan (Kiranti)ᤕᤠᤰᤌᤢᤱ
ᤐᤠᤴ
380 kLimbu
5%
Austronesian
(Malayo-Polynesian)
Bhâsa Madhurâ6.7 milmadurski
5%
Sino-Tibetan (Magaric)मगर840 kmagar
5%
Austronesian
(Malayo-Polynesian)
Maguindanao1.1 milmaguindanao
5%
Indo-Aryan (Eastern) †Majhi44 k1.3 kMajhi
5%
Austronesian
(Malayo-Polynesian)
ᨅᨔ ᨆᨀᨔᨑ2.1 milmakasarski
5%
Austronesian
(Malayo-Polynesian)
tombo
Manggarai
900 kmanggarai
5%
Austronesian
(Malayo-Polynesian)
Wamba Wuna300 kMuna
5%
Austroasiatic (Munda)मुंडारी1.6 milmundari
5%
Sino-Tibetan (Newaric)नेवाः भाय्860 knewarski
5%
Austronesian
(Malayo-Polynesian)
Ngaju Dayak890 kngaju
5%
Austronesian
(Malayo-Polynesian)
Li Niha770 knias
5%
AustroasiaticNicobarese30 knikobarskie
5%
Austronesian
(Malayo-Polynesian)
Pangasinense1.2 milpangasinan
5%
Indo-Aryan (Dardic) †زبان پشه‌ای400 kPashayi
5%
Austronesian
(Malayo-Polynesian)
Baso Jang350 kRejang
5%
Austronesian
(Malayo-Polynesian)
Sambali70 kSambal
5%
Austroasiatic (Munda)ᱥᱟᱱᱛᱟᱲᱤ7.6 milsantali
5%
Austronesian
(Malayo-Polynesian)
Sasak2.7 milsasak
5%
Austronesian
(Malayo-Polynesian)
Basa Semawa300 kSumbawa
5%
Austronesian
(Malayo-Polynesian)
Surigaonon500 ksurigaonon
5%
Austronesian
(Malayo-Polynesian)
Basa Taeʼ1.0 milTaeʼ
5%
Sino-Tibetan
(Tamangic)
तामाङ1.3 miltamang
5%
Austronesian
(Malayo-Polynesian)
Bahasa Sūg1.1 miltausug
5%
Indo-Aryan (Eastern) †थारु1.9 milTharu
5%
Austronesian
(Malayo-Polynesian)
To'olaki330 kTolaki
5%
Austronesian
(Malayo-Polynesian)
Saʼdan750 ktoradża
5%
Austronesian
(Malayo-Polynesian)
Waray-Waray2.6 milwarajski
5%
Austronesian
(Malayo-Polynesian)
Yakan110 kYakan
5%

Rozkład punktacji

Percentyl według liczby udzielonych odpowiedzi

Procent ludzi z każdym wynikiem

Twoja historia wyników

Nie rozwiązałeś tego quizu